书目信息 |
| 题名: |
东周列国故事精选
|
|
| 作者: | 冯梦龙 , 蔡元放 原著 ;水登 , 朱光玉 改编 | |
| 分册: | ||
| 出版信息: | 上海 上海人民美术出版社 1990.10 |
|
| 页数: | 1036页 | |
| 开本: | 20cm | |
| 丛书名: | ||
| 单 册: | ||
| 中图分类: | J228.4 , I286.8 | |
| 科图分类: | ||
| 主题词: | 连环画--中国--现代 , 儿童文学--中国 , 儿童文学--中国--丛书 | |
| 电子资源: | ||
| ISBN: | 7-5322-0449-9 | |
| 000 | 01073nam0 2200301 45 | |
| 001 | 0193042771 | |
| 005 | 20061111084810.93 | |
| 010 | @a7-5322-0449-9@b精装@d$[不详] | |
| 100 | @a19931013d1990 cdmy0chiy0121 ea | |
| 101 | 0 | @achi |
| 102 | @aCN@b310000 | |
| 105 | @aa t 000zy | |
| 200 | 10 | @a东周列国故事精选@ADONG ZHOU LIE GUO GU SHI JING XUAN@e连环画@ELIAN HUAN HUA@f(明)冯梦龙,(清)蔡元放原著@F( MING ) FENG MENG LONG ,( QING ) CAI YUAN FANG YUAN ZHU@g水 登等改编@g朱光玉等绘画 |
| 210 | @a上海@c上海人民美术出版社@d1990.10 | |
| 215 | @a1036页@d20cm | |
| 330 | @a本书收入《烽火戏诸侯》、《管仲拜相》、《荆轲刺秦王》等17则故事。 | |
| 540 | 1 | @a东周列国 故事@ADONG ZHOU LIE GUO GU SHI |
| 606 | @a连环画@y中国@z现代 | |
| 606 | 0 | @a儿童文学@x中国 |
| 606 | 0 | @a儿童文学@x中国@x丛书 |
| 690 | @aJ228.4@v三版 | |
| 690 | @aI286.8@v3 | |
| 701 | 0 | @a冯梦龙@AFENG MENG LONG@4原著 |
| 701 | 0 | @a蔡元放@ACAI YUAN FANG@4原著 |
| 702 | 0 | @a水登@ASHUI DENG@4改编 |
| 702 | 0 | @a朱光玉@AZHU GUANG YU@4绘画 |
| 801 | 0 | @aCN@bTSSF@c20061111 |
| 905 | @a10447@dI286.8@e49 | |
| 东周列国故事精选:连环画/(明)冯梦龙,(清)蔡元放原著/水 登等改编/朱光玉等绘画.-上海:上海人民美术出版社,1990.10 |
| 1036页;20cm |
| ISBN 7-5322-0449-9(精装):$[不详] |
| 本书收入《烽火戏诸侯》、《管仲拜相》、《荆轲刺秦王》等17则故事。 |
| ● |
| 相关链接 |
|
|
|
|
正题名:东周列国故事精选
索取号:I286.8/49
 
预约/预借
| 序号 | 登录号 | 条形码 | 馆藏地/架位号 | 状态 | 备注 |
| 1 | 0264912 | 000892252 | 第一样本阅览室/ [索取号:I286.8/49] | 在馆 |